<?xml version="1.0" encoding="UTF-8"?>
<collection xmlns="http://www.loc.gov/MARC21/slim">
 <record>
  <leader>01423nam a2200289 a 4500</leader>
  <controlfield tag="001">19110</controlfield>
  <controlfield tag="003">BD-DhAAL</controlfield>
  <controlfield tag="008">090906r2008    ii a     b    001 0 eng d</controlfield>
  <datafield tag="999" ind1=" " ind2=" ">
   <subfield code="c">3843</subfield>
   <subfield code="d">3843</subfield>
  </datafield>
  <datafield tag="020" ind1=" " ind2=" ">
   <subfield code="a">8123907311</subfield>
  </datafield>
  <datafield tag="040" ind1=" " ind2=" ">
   <subfield code="a">BD-DhAAL</subfield>
  </datafield>
  <datafield tag="082" ind1="0" ind2="0">
   <subfield code="a">543.0894</subfield>
   <subfield code="2">22</subfield>
  </datafield>
  <datafield tag="100" ind1="1" ind2=" ">
   <subfield code="a">Sethi, P.D.</subfield>
   <subfield code="9">44279</subfield>
  </datafield>
  <datafield tag="245" ind1="1" ind2="0">
   <subfield code="a">HPLC : high performance liquid chromatography :</subfield>
   <subfield code="b">quantitative analysis of pharmaceutical formulations /</subfield>
   <subfield code="c">P.D. Sethi.</subfield>
  </datafield>
  <datafield tag="260" ind1=" " ind2=" ">
   <subfield code="a">New Delhi :</subfield>
   <subfield code="b">Macmillan :</subfield>
   <subfield code="b">CBS Publishers &amp; Distributors,</subfield>
   <subfield code="c">2008 [reprinted]</subfield>
  </datafield>
  <datafield tag="300" ind1=" " ind2=" ">
   <subfield code="a">xxiv, 895 pages :</subfield>
   <subfield code="b">illustrations ;</subfield>
   <subfield code="c">25 cm.</subfield>
  </datafield>
  <datafield tag="504" ind1=" " ind2=" ">
   <subfield code="a">Includes bibliographical references and index.</subfield>
  </datafield>
  <datafield tag="541" ind1="1" ind2=" ">
   <subfield code="e">00019110</subfield>
  </datafield>
  <datafield tag="650" ind1=" " ind2="0">
   <subfield code="a">High performance liquid chromatography.</subfield>
   <subfield code="9">44280</subfield>
  </datafield>
  <datafield tag="650" ind1=" " ind2="0">
   <subfield code="a">Pharmaceutical chemistry.</subfield>
   <subfield code="9">44281</subfield>
  </datafield>
  <datafield tag="650" ind1=" " ind2="0">
   <subfield code="a">Chemistry, Analytic</subfield>
   <subfield code="x">Quantitative.</subfield>
   <subfield code="9">44282</subfield>
  </datafield>
  <datafield tag="650" ind1=" " ind2="0">
   <subfield code="a">Pharmacy.</subfield>
   <subfield code="9">44283</subfield>
  </datafield>
  <datafield tag="852" ind1="4" ind2=" ">
   <subfield code="a">Ayesha Abed Library</subfield>
   <subfield code="j">General Stacks</subfield>
  </datafield>
  <datafield tag="942" ind1=" " ind2=" ">
   <subfield code="2">ddc</subfield>
   <subfield code="c">BK</subfield>
  </datafield>
  <datafield tag="952" ind1=" " ind2=" ">
   <subfield code="0">0</subfield>
   <subfield code="1">0</subfield>
   <subfield code="2">ddc</subfield>
   <subfield code="4">0</subfield>
   <subfield code="6">543_089400000000000_SET_2008</subfield>
   <subfield code="7">0</subfield>
   <subfield code="9">3497</subfield>
   <subfield code="a">BRACUL</subfield>
   <subfield code="b">BRACUL</subfield>
   <subfield code="c">GEN</subfield>
   <subfield code="d">2009-09-08</subfield>
   <subfield code="l">1</subfield>
   <subfield code="m">3</subfield>
   <subfield code="o">543.0894 SET</subfield>
   <subfield code="p">3010019110</subfield>
   <subfield code="r">2015-01-10</subfield>
   <subfield code="s">2014-03-27</subfield>
   <subfield code="t">1</subfield>
   <subfield code="w">2009-09-08</subfield>
   <subfield code="y">BK</subfield>
  </datafield>
  <datafield tag="952" ind1=" " ind2=" ">
   <subfield code="0">0</subfield>
   <subfield code="1">0</subfield>
   <subfield code="2">ddc</subfield>
   <subfield code="4">0</subfield>
   <subfield code="6">543_089400000000000_SET_2008</subfield>
   <subfield code="7">0</subfield>
   <subfield code="9">12554</subfield>
   <subfield code="a">BRACUL</subfield>
   <subfield code="b">BRACUL</subfield>
   <subfield code="c">GEN</subfield>
   <subfield code="d">2010-10-19</subfield>
   <subfield code="l">1</subfield>
   <subfield code="o">543.0894 SET</subfield>
   <subfield code="p">3010019112</subfield>
   <subfield code="r">2022-11-30</subfield>
   <subfield code="s">2022-11-23</subfield>
   <subfield code="t">2</subfield>
   <subfield code="w">2010-10-19</subfield>
   <subfield code="y">BK</subfield>
  </datafield>
  <datafield tag="952" ind1=" " ind2=" ">
   <subfield code="0">0</subfield>
   <subfield code="1">0</subfield>
   <subfield code="2">ddc</subfield>
   <subfield code="4">0</subfield>
   <subfield code="6">543_089400000000000_SET_2008</subfield>
   <subfield code="7">0</subfield>
   <subfield code="9">12555</subfield>
   <subfield code="a">BRACUL</subfield>
   <subfield code="b">BRACUL</subfield>
   <subfield code="c">GEN</subfield>
   <subfield code="d">2010-10-19</subfield>
   <subfield code="l">0</subfield>
   <subfield code="o">543.0894 SET</subfield>
   <subfield code="p">3010019111</subfield>
   <subfield code="r">2010-10-19</subfield>
   <subfield code="t">3</subfield>
   <subfield code="w">2010-10-19</subfield>
   <subfield code="y">BK</subfield>
  </datafield>
 </record>
</collection>
